Processos coletivos e polt̕icas pb︢licas mecanismos para a garantia de uma prestaȯ̂ jurisdicional democrt̀ica /

Detalles Bibliográficos
Autor principal: Nasser de Carvalho, Sabrina
Formato: eBook
Lenguaje:portugués
Publicado: San Pablo: Editora ContraCorrente, 2016
Materias:
Acceso en línea:Acceso restringido

MARC

LEADER 00000nam a22000007a 4500
005 20191011001141.0
007 cr|||| ||||
008 191011s2016 br |||||s|||| 00||0 por d
020 |a 978-85-69220-13-8 
035 |a 30523 
040 |a vLex 
090 |c 9793  |d 9793 
100 1 |a Nasser de Carvalho, Sabrina 
245 1 0 |a Processos coletivos e polt̕icas pb︢licas  |h [Recurso electrn̤ico] :  |b mecanismos para a garantia de uma prestaȯ̂ jurisdicional democrt̀ica /  |c Sabrina Nasser de Carvalho 
256 |a Servicio en ln̕ea 
260 |a San Pablo:  |b Editora ContraCorrente,  |c 2016 
300 |a 1 recurso electrn̤ico 
506 1 |a Disponible solo en los productos indicados  |d vLex Global  |d vLex Global (Academic Edition, excluding Law Schools)  |d vLex Global (U.S. Academic Edition, Law Schools)  |d vLex Global (U.S. Academic Edition, excluding Law Schools)  |d vLex Global (Academic Edition, Law Schools) 
650 0 4 |a Derecho Pb︢lico y Administrativo  |z Brasil 
740 0 |a vLex Libros (Servicio en ln̕ea) 
856 4 0 |u http://vlex.com/source/processos-coletivos-politicas-publicas-mecanismos-garantia-presta-o-jurisdicional-democratica-30523  |z Acceso restringido 
942 |c BOOK 
999 0 |a Public and Administrative Law